CRC Handbook of Chemistry and Physics 65th Edition A Ready-Reference Book of Chemical and Physical Data

Enregistré dans:
Détails bibliographiques
Autres auteurs: Weast, Robert C. (Éditeur intellectuel)
Format: Livre
Langue:anglais
Publié: Boca Raton CRC Press 1984
Édition:65th edition
Collection:Handbook of chemistry and physics 1984-1985, 65th edition
Sujets:
Accès en ligne:Voir à l'OPAC
Tags: Ajouter un tag
Pas de tags, Soyez le premier à ajouter un tag!

MARC

LEADER 00000nam a2200000 a 4500
005 20260127134255.0
008 090521 1984 xxu 000 0 eng d
035 |a vtls009515124 
039 9 |a 200905211122  |b mschk03  |y 200905210921  |z mschk03 
040 |a STUSCHK1  |b slo  |c STUSCHK1  |e AACR2 
080 |a 51+53(03) 
245 1 |a CRC Handbook of Chemistry and Physics 65th Edition  |b A Ready-Reference Book of Chemical and Physical Data  |c editor-in-chief Robert C. Weast 
250 |a 65th edition 
260 |a Boca Raton  |b CRC Press  |c 1984 
300 |a nepr.s. 
490 0 |a Handbook of chemistry and physics 1984-1985, 65th edition 
650 0 |a chemistry  |x physics 
700 0 |a Weast, Robert C.  |4 edt 
910 |a SCHK95 
999 |c 8454  |d 8454